000 00719nam a2200205Ia 4500
001 14655
003 GE_BSU
008 181216s||||||||xx |||||||||||||| ||und||
040 _cGE_BSU
080 _a821.353.1-1
100 _aმაჭავარიანი,მუხრან
245 _aერთტომეული. [ლექსები]
245 _cრედ. და წინასიტყვ.მურმან ლებანიძის. მხატვ.დავით დუნდუა
260 _aთბილისი
260 _bსაბჭოთა საქართველო
260 _c1979
300 _a542გვ.21სმ.
653 _aლექსები
942 _cBK
999 _c47781
_d47781